Уединенные волны в плазме и атмосфере

التفاصيل البيبلوغرافية
المؤلف الرئيسي: Петвиашвили В. И. Владимир Иосифович
مؤلفون آخرون: Похотелов О. А. Олег Александрович
اللغة:الروسية
منشور في: Москва, Энергоатомиздат, 1989
الموضوعات:
التنسيق: كتاب
KOHA link:https://koha.lib.tpu.ru/cgi-bin/koha/opac-detail.pl?biblionumber=375502

MARC

LEADER 00000nam0a2200000 4500
001 375502
005 20231101051609.0
010 |a 5283039455 
020 |a RU  |b 89-51313 
035 |a (RuTPU)RU\TPU\retro\32941 
035 |a RU\TPU\book\226990 
090 |a 375502 
100 |a 20221220d1989 km y0rusy5003 ca 
101 0 |a rus 
102 |a RU 
105 |a y z 001zy 
200 1 |a Уединенные волны в плазме и атмосфере  |f В. И. Петвиашвили, О. А. Похотелов 
210 |a Москва  |c Энергоатомиздат  |d 1989 
215 |a 200 с.  |d 21 см 
320 |a Библиогр.: с. 189-197. 
610 1 |a солитоны 
610 1 |a динамика 
610 1 |a математические исследования 
610 1 |a волны 
610 1 |a плазма 
610 1 |a атмосфера 
610 1 |a вихри 
675 |a 530.145.6  |z rus  |v 3 
700 1 |a Петвиашвили  |b В. И.  |g Владимир Иосифович  |4 070 
701 1 |a Похотелов  |b О. А.  |g Олег Александрович  |4 070 
801 0 |a RU  |b RuMRKP  |c 19950417  |g psbo 
801 1 |a RU  |b 63413507  |c 20120131 
801 2 |a RU  |b 63413507  |c 20221220  |g RCR 
942 |c BK